000 00987nam a2200253 a 4500
001 000022672
005 20200930021730.0
008 101014s1997 es 001 0 spa d
020 _a8423988066
040 _aDO-SdBNP
_bspa
_cBNPHU
082 _axxxx
_bB242V
100 1 _aBarca, Carderón de la
_d1600-1681
_946626
245 1 0 _aLa vida es sueño; :
_bEl alcalde de Zalamea ; El mágico prodigioso ; Casa con dos puertas mala es de guandar ; No hay burlas con el amor ; La dama duende /
_cCarderón de la Barca.
260 _aMadrid, :
_bEditorial Espasa Calpe,10,
_c1997.
_fHuertas
300 _a633 p. ;
_c22 cm.
490 1 _aAntología de la literatura universal
563 _aVarias obras encuadernadas juntas con páginación continuas
740 2 _aEl mágico prodigioso
740 2 _aCasa con dos puertas mala es de guandar
740 2 _aNo hay burlas con el amor
740 2 _aLa dama duende
830 0 _aAntología de la literatura universa
_946616
049 _aBNPD
999 _c22169
_d22169